| 000 | 00882nam a22002417a 4500 | ||
|---|---|---|---|
| 008 | 140128t2014 xxkadk fr|||| 001 0 eng d | ||
| 020 | _a9781292021584 | ||
| 082 | 0 | 4 |
_222 _a658.15 _bCOP |
| 100 | 1 |
_934965 _aCopeland, Thomas E., _d1946- |
|
| 245 | 0 | 0 |
_aFinancial theory and corporate policy / _cThomas E. Copeland, J. Fred Weston, Kuldeep Shastri. |
| 250 |
_a4th ed., _bPearson new international ed. |
||
| 260 |
_aHarlow, United Kingdom : _bPearson Education Limited, _cc.2014. |
||
| 300 |
_aii, 919 p. : _bchart, forms, tables ; _c28 cm. |
||
| 490 | 0 | _aPearson Custom Library | |
| 500 | _aIndex : p. 907-919. | ||
| 500 | _aIncludes appendix. | ||
| 650 | 0 |
_92321 _aCorporations _xFinance |
|
| 653 |
_bBus _cJanuary2014 |
||
| 655 |
_vreading book _934232 |
||
| 700 | 1 |
_934966 _aWeston, J. Fred _q(John Fred), _d1916- |
|
| 700 | 1 |
_934967 _aShastri, Kuldeep |
|
| 942 |
_2ddc _k658.15 COP |
||
| 999 |
_c17979 _d17951 |
||